Kafka: la lucha por ascender

Сохранить в:
Библиографические подробности
Главный автор: Chacana Arancibia, Roberto (Автор)
Формат:
Язык:испанский
Опубликовано: Valdivia Ediciones UACh 2018
Редактирование:1a. ed
Серии:Colección Austral Universitaria de Ciencias Sociales, Artes y Humanidades
Предметы:
Метки: Добавить метку
Нет меток, Требуется 1-ая метка записи!

MARC

LEADER 00000cam a2200000 a 4500
001 UCC8935
003 CL-VaPUC
008 190830e20180000cl |||||||||||||||||spa|d
020 |a 9789563900736 
082 0 4 |a 801.953  |b CHA  |2 21 
100 0 |a Chacana Arancibia, Roberto  |e author  |9 603636 
245 1 0 |a Kafka: la lucha por ascender 
250 |a 1a. ed 
300 |a 378 p 
942 |c BK 
945 |d 20190830 10:52:00  |a dcastane 
260 |a Valdivia  |b Ediciones UACh  |c 2018 
650 0 |a Psicología aplicada   |9 270762 
650 0 |a Crítica literaria   |9 269189 
583 |a last modification  |c 20190830 10:52:00  |k Rodrigo Vera 
490 0 |a Colección Austral Universitaria de Ciencias Sociales, Artes y Humanidades 
999 |c 375131  |d 375129 
952 |0 0  |1 0  |3 erb  |4 0  |6 801_953000000000000_CHA_2018  |7 0  |8 A  |9 494023  |a BIBEDU  |b BIBEDU  |i 5596521  |o 801.953 CHA 2018  |p 5596521  |r 2019-11-24  |w 2019-11-24  |y BK  |z Catalogado en:20190830  |k LIT